Band Members #1 - Statistics

General Stats
  • This quiz has been taken 86 times
  • The average score is 14 of 20
Answer Stats
Band Members Band / Group % Correct
Freddie Mercury, John Deacon Queen
100%
Ringo Starr, Paul McCartney The Beatles
99%
Krist Novoselic, Kurt Cobain Nirvana
94%
Jimmy Page, John Paul Jones Led Zeppelin
86%
Dave Grohl, Taylor Hawkins Foo Fighters
83%
Noel Gallagher, Paul Arthurs Oasis
83%
Adam Levine, PJ Morton Maroon 5
82%
David Gilmour, Syd Barrett Pink Floyd
81%
Pete Townshend, Keith Moon The Who
81%
Flea, Chad Smith Red Hot Chili Peppers
79%
David Lee Roth, Michael Anthony Van Halen
78%
Fergie, apl.de.ap The Black Eyed Peas
76%
Eddie Vedder, Jeff Ament Pearl Jam
72%
Geri Halliwell, Melanie Chisholm Spice Girls
65%
Robert Smith, Simon Gallup The Cure
58%
Bruce Dickinson, Dave Murray Iron Maiden
57%
Chad Kroeger, Daniel Adair Nickelback
53%
Jared Leto, Tomo Milicevic Thirty Seconds to Mars
47%
Dexter Holland, Greg Kriesel The Offspring
36%
A.J. McLean, Brian Littrell Backstreet Boys
26%
No matching quizzes found
Score Distribution
Percent of People with Each Score
Percentile by Number Answered
Your Score History
You have not taken this quiz